Power Rangers Time Force - Statistics

General Stats
  • This quiz has been taken 108 times
  • The average score is 12 of 22
Answer Stats
Questions Answer % Correct
Pink Ranger's Name Jen Scotts
98%
Red Ranger's Name Wesley Collins
98%
Green Ranger's Name Trip
97%
Quantum Ranger's Name Eric Myers
95%
Blue Ranger's Name Lucas Kendall
95%
Pink Ranger's ex-fiancé Alex Collins
94%
Main villain Ransik
88%
Year that the rangers come from 3000
73%
Yellow Ranger's Name Katie Walker
73%
Daughter of the aforementioned Nadira
62%
Group that the Quantum Ranger commands Silver Guardians
55%
Robotic villain that holds a grudge against and betrays the main villain of the season Frax
52%
The Blue Ranger's former occupation Race car driver
52%
The Yellow Ranger's genetic enhancement Super strength
50%
City where the show takes place Silver Hills
29%
Morphers' name Chronomorphers
26%
What keeps the main villain of the season from being in pain or further decaying? Serum
24%
The Green Ranger is from what planet Xybria
17%
What power does this give him? Visions
12%
How do the Rangers keep the mutants they captured? Cryogenic Containment
11%
Crystal discovered 100 years too early Trizyrium Crystals
11%
Era that the Quantum Morpher was lost in Pre-Historic
9%
No matching quizzes found
Score Distribution
Percent of People with Each Score
Percentile by Number Answered
Your Score History
You have not taken this quiz